00681nam a2200145Ia 4500008004100000020001800041050001900059245011300078260004600191300001600237650008400253700008500337952009600422999001700518120626s9999 xx 000 0 und d a84-205-4609-7 aQA76.76I59 I54 aIngenieria de la WEB y patrones de diseño / Coordinadores, Ma. Paloma Díaz, Susana Montero, Ignacio Aedo aMadrid ; México : Pearson Prentice Hall aXXI, 409 p. a1. MULTIMEDIA INTERACTIVA -- DISEÑO 2. PORTALES WEB, PAGINAS WEB -- DISEÑO aI. Díaz, Ma. Paloma, ed. II. Montero, Susana, ed. III. Aedo, Ignacio, ed.Ì 00104070a09b09d2007-09-14l0oQA76.76I59 I54p09 002005r2012-06-26t1w2012-06-26yLB c63717d63717